| 000 | 00591nam a2200205 i 4500 | ||
|---|---|---|---|
| 001 | 78599 | ||
| 003 | ES-MaACL | ||
| 005 | 20250806014154.0 | ||
| 007 | t| | ||
| 008 | 041015s1969 sp a |||| | spa d | ||
| 100 | 1 |
_aHauss, W. H. _962124 |
|
| 245 | 1 | 0 |
_aCompendio de medicina interna / _cpor W.H. Hauss ; versión, F. Broggi Guerra. |
| 250 | _a1ª ed. | ||
| 260 |
_aBarcelona : _bJims, _c1969. |
||
| 300 |
_aXXXI, 929 p. : _bil. ; _c25 cm. |
||
| 650 | 0 | 7 |
_aMedicina interna _2embne _914925 |
| 700 | 1 |
_aBroggi Guerra, F. _931873 |
|
| 852 |
_aES-MaACL _jC-36940 |
||
| 999 |
_c78599 _d78599 |
||